Movies Quiz

Random Movies or Role Quiz

Which James Quiz Stats

 Plays Quiz not verified by Sporcle

Also try: Which David?
Challenge
Share
Tweet
Embed
Score 0/30 Timer 05:00
0 Plays Today
% Correct
Jim Carrey
98.3%
James Gandolfini
94.2%
James Caan
93.3%
James Stewart
82.5%
James Caviezel
80.8%
James Van Der Beek
71.7%
Jim Parsons
71.7%
James Garner
67.5%
Jim Nabors
55.8%
Jim Varney
53.3%
James Doohan
50.8%
Jimmy Smits
50%
Jim Backus
49.2%
James Cromwell
48.3%
James Marsden
47.5%
% Correct
Jim Broadbent
45.8%
James McAvoy
42.5%
James Arness
40%
James Franco
35.8%
James Marsters
34.2%
James Brolin
31.7%
James Earl Jones
30.8%
James Denton
29.2%
James Spader
23.3%
James Whitmore
22.5%
James Roday
21.7%
James Dean
20.8%
James Mason
19.2%
James Callis
12.5%
James Coburn
8.3%

You're not logged in!

Compare scores with friends on all Sporcle quizzes.
Join for Free
OR
Log In

You Might Also Like...

Show Comments

Extras

Top Quizzes Today


Score Distribution

Your Account Isn't Verified!

In order to create a playlist on Sporcle, you need to verify the email address you used during registration. Go to your Sporcle Settings to finish the process.

Report this User

Report this user for behavior that violates our Community Guidelines.

Details: